000 01031cad a22002055a 4500
001 L157711
008 130328s2013 xxk f 000 0 eng d
035 _a(Sirsi) u157711
041 0 _aeng
110 2 _aBritish Property Federation
_91604
245 0 0 _aInvesting in residential property
_h[electronic resource]
260 _aLondon
_bBPF
_c2013
520 _aIllustrates the key characteristics of different residential assets using a market rented portfolio to highlight different facets, performance and risk. Aimed at attracting institutional investors to the residential sector which in 2012 was worth £ 4 224 bn compared with the commercial sector with a value of £820bn.
590 _aKA
651 4 _aUnited Kingdom
_y
690 _aInvestments
_96250
690 _aResidential property
_96266
856 4 0 _uhttps://www.bpf.org.uk/en/files/bpf_documents/residential/Investing_in_Residential_Property_-_A_Guide_for_Asset_Allocators_A4.pdf
_zView the item free of charge from the www.bpf.org.uk website
942 _n0
999 _c114930
_d114930